Los cambios en la relación escuela - mundo laboral.

Guardado en:
Detalles Bibliográficos
Autor principal: Gallart, María Antonia (autor)
Formato: Libro
Idioma:Español
Temas:
Acceso en línea:Ver documento en línea
Etiquetas: Agrega una etiqueta
Sin etiquetas, Sé el primero en etiquetar este registro!

MARC

LEADER 00000cam^a2200000uu^4500
001 000526777
005 20260411000000.0
008 052102s2003^^^^^^^^^^^^rd^r^1000^0^spa^d
009 20260411194839.743
035 |a FCE 000071022 
037 |a Acervo ITESO - Biblioteca 
041 |a spa 
095 |a CD 393 
100 |a Gallart, María Antonia  |e (autor) 
245 1 4 |a Los cambios en la relación escuela - mundo laboral.  |h [recurso electrónico] 
264 |a Madrid :  |b OEI,  |c 1998. 
300 |a 1 disco compacto (pp. 173-192) :  |c 4 3/4 pulg. 
336 |a texto  |b txt  |2 rdacontenido 
337 |a sin mediación  |b n  |2 rdamedio 
338 |a volumen  |b nc  |2 rdasoporte 
649 |a XX 
650 |a Rendimiento de la educación 
650 |a Educación para el trabajo 
650 |a Calidad de la enseñanza 
650 |a América Latina 
740 |t En: Las transformaciones educativas en Iberoamérica. Tres desafíos: democracia, desarrollo e integración. 
740 |t Reduc: Documentos electrónicos. 
856 4 0 |u https://biblioteca.uahurtado.cl/ujah/reduc/pdf/pdf/8352.pdf  |y Ver documento en línea 
910 |a Fondo Centro de Estudios Educativos 
920 |a Impresos - Libros 
930 |a Fondos Especiales 
905 |a 133 
902 |a https://opac.biblio.iteso.mx/vufind/Record/000526777